000 00359nam a2200145Ia 4500
008 210716s2009 xx 000 0 und d
020 _a9788131718650
041 _aeng
082 _a004.6X KAHA
100 _aKahate, Atul.
245 _aXML and related technologies.
250 _a1
260 _aNew Delhi
_bPearson Education
_c2009
300 _axxvii,498
999 _c193156
_d193156